Countries That Start With T - Statistics

General Stats
  • This quiz has been taken 36 times
    35 since last reset
  • The average score is 8 of 11
Answer Stats
Answer % Correct
Thailand
91%
Turkmenistan
88%
Tajikistan
84%
Tanzania
78%
Turkey
78%
Togo
75%
Trinidad
75%
Tuvalu
75%
Tonga
66%
Tunisia
59%
Timor-Leste
16%
No matching quizzes found
Score Distribution
Percent of People with Each Score
Percentile by Number Answered
Your Score History
You have not taken this quiz since the last reset